<?xml version="1.0" encoding="UTF-8"?>
<record
    xmlns:xsi="http://www.w3.org/2001/XMLSchema-instance"
    xsi:schemaLocation="http://www.loc.gov/MARC21/slim http://www.loc.gov/standards/marcxml/schema/MARC21slim.xsd"
    xmlns="http://www.loc.gov/MARC21/slim">

  <leader>00740nam a22002057a 4500</leader>
  <controlfield tag="008">141027b    2008mx ||||| |||| 00| 0 spa d</controlfield>
  <datafield tag="020" ind1=" " ind2=" ">
    <subfield code="a">978-607-402-079-3</subfield>
  </datafield>
  <datafield tag="082" ind1=" " ind2=" ">
    <subfield code="a">300 In379</subfield>
  </datafield>
  <datafield tag="245" ind1=" " ind2=" ">
    <subfield code="a">Incursiones en la complejidad</subfield>
    <subfield code="c">/ Genoveva Flores Quintero, Amaia Arribas Urrutia, coords.</subfield>
  </datafield>
  <datafield tag="260" ind1=" " ind2=" ">
    <subfield code="a">M&#xE9;xico</subfield>
    <subfield code="b"> : Plaza y Valdes : Instituto Tecnol&#xF3;gico de Monterrey</subfield>
    <subfield code="c"> , 2008</subfield>
  </datafield>
  <datafield tag="300" ind1=" " ind2=" ">
    <subfield code="a">241 p. </subfield>
    <subfield code="b">tablas, gr&#xE1;ficas</subfield>
  </datafield>
  <datafield tag="500" ind1=" " ind2=" ">
    <subfield code="a">Incluye referencias bibliogr&#xE1;ficas</subfield>
  </datafield>
  <datafield tag="505" ind1=" " ind2=" ">
    <subfield code="a">Comunicaci&#xF3;n
Pol&#xED;tica 
Sociedad</subfield>
  </datafield>
  <datafield tag="650" ind1="1" ind2=" ">
    <subfield code="a">CIENCIAS SOCIALES</subfield>
  </datafield>
  <datafield tag="650" ind1="2" ind2=" ">
    <subfield code="a">CIENCIA POL&#xCD;TICA</subfield>
  </datafield>
  <datafield tag="650" ind1="3" ind2=" ">
    <subfield code="a">COMUNICACI&#xD3;N</subfield>
  </datafield>
  <datafield tag="700" ind1=" " ind2=" ">
    <subfield code="a">FLORES Quintero, Genoveva; coordinadora</subfield>
  </datafield>
  <datafield tag="700" ind1=" " ind2=" ">
    <subfield code="a">ARRIBAS Urrutia, Amaia; coordinadora</subfield>
  </datafield>
  <datafield tag="942" ind1=" " ind2=" ">
    <subfield code="2">ddc</subfield>
    <subfield code="c">LB</subfield>
  </datafield>
  <datafield tag="952" ind1=" " ind2=" ">
    <subfield code="0">0</subfield>
    <subfield code="1">0</subfield>
    <subfield code="2">lcc</subfield>
    <subfield code="4">0</subfield>
    <subfield code="7">0</subfield>
    <subfield code="a">01</subfield>
    <subfield code="b">01</subfield>
    <subfield code="d">2014-10-27</subfield>
    <subfield code="l">0</subfield>
    <subfield code="o">300 In379 </subfield>
    <subfield code="p">01 001912</subfield>
    <subfield code="r">2014-10-27</subfield>
    <subfield code="t">1</subfield>
    <subfield code="w">2014-10-27</subfield>
    <subfield code="y">LB</subfield>
  </datafield>
  <datafield tag="952" ind1=" " ind2=" ">
    <subfield code="0">0</subfield>
    <subfield code="1">0</subfield>
    <subfield code="2">lcc</subfield>
    <subfield code="4">0</subfield>
    <subfield code="7">0</subfield>
    <subfield code="a">01</subfield>
    <subfield code="b">01</subfield>
    <subfield code="d">2014-10-27</subfield>
    <subfield code="l">0</subfield>
    <subfield code="o">300 In379 </subfield>
    <subfield code="p">01 001913</subfield>
    <subfield code="r">2014-10-27</subfield>
    <subfield code="t">2</subfield>
    <subfield code="w">2014-10-27</subfield>
    <subfield code="y">LB</subfield>
  </datafield>
  <datafield tag="952" ind1=" " ind2=" ">
    <subfield code="0">0</subfield>
    <subfield code="1">0</subfield>
    <subfield code="2">lcc</subfield>
    <subfield code="4">0</subfield>
    <subfield code="7">0</subfield>
    <subfield code="a">01</subfield>
    <subfield code="b">01</subfield>
    <subfield code="d">2014-10-27</subfield>
    <subfield code="l">0</subfield>
    <subfield code="o">300 In379</subfield>
    <subfield code="p">01 001914</subfield>
    <subfield code="r">2014-10-27</subfield>
    <subfield code="t">3</subfield>
    <subfield code="w">2014-10-27</subfield>
    <subfield code="y">LB</subfield>
  </datafield>
  <datafield tag="999" ind1=" " ind2=" ">
    <subfield code="c">94811</subfield>
    <subfield code="d">94811</subfield>
  </datafield>
</record>
